000 01064nam a2200313Ia 4500
003 OSt
005 20221007125625.0
006 a|||||r|||| 00| 0
007 ta
008 221006b |||||||| |||| 00| 0 eng d
020 _a0321043561 (hbd)
_cRs.795.00
024 _a16620
037 _b125, 21/11/2005, Dhanraj Book House
_cTextual
040 _aCDL
_cCDL
_beng
041 _2eng
_aeng
082 _aE5, L6;M7;9 Carc
100 _aLowry Thomas H
_9592018
245 0 _aMechanism and theory in organic chemistry
_b Richardson Kathleen Schueller
250 _a3
260 _aHarlow
_bAddison Wesley Longman, Inc.
_c1987
300 _axii, 1090p.
_ccm.
500 _aIncludes bibliographical references.; Index 1065-1090p.
650 _a Mechanism
650 _a Organic chemistry
650 _aChemistry
700 _a Richardson Kathleen Schueller
_9592019
942 _hE5, L6;M7;9 Carc
_cTEXL
_2CC
999 _c1215607
_d1215607